| 000 | 01061nam a22002897a 4500 | ||
|---|---|---|---|
| 003 | OSt | ||
| 005 | 20220924113701.0 | ||
| 006 | a|||||r|||| 00| 0 | ||
| 007 | ta | ||
| 008 | 220923b |||||||| |||| 00| 0 ori d | ||
| 024 | _a242536 | ||
| 037 | _cGeneral Books | ||
| 040 |
_aARTS _cARTS _bORI |
||
| 041 |
_2ORI _aORI |
||
| 082 | _aO1591,3NSE:g, 152L9 | ||
| 100 | _aमानसिंह, मायाधर; | ||
| 245 | 0 | _aफकीरमोहन सेनापति | |
| 246 | _aFakīramohan senāpati | ||
| 260 |
_aनई दिल्ली, _b साहित्य अकादमी _c1973 |
||
| 300 | _a84पृ0 | ||
| 490 | _aभारतीय साहित्य के निर्माता | ||
| 500 | _aRep Ed. 1983 | ||
| 650 | _aउड़िया साहित्य | ||
| 700 | _aसौमित्र मोहन, अनु. | ||
| 942 |
_hO1591,3NSE:g, 152L9 _cGB _2CC |
||
| 999 |
_c390449 _d390449 |
||